000 02552nam a22002537a 4500
999 _c64063
_d64063
003 Ge_BSU
005 20260318160005.0
008 260318s2010 ge ||||| |||| 00| 0 geo d
020 _a9789941129667
041 _ageo
080 _a338.22 : 005.591.6ი-66
245 _aინოვაციები ბიზნესში :
_b(პრობლემები, პერსპექტივები, გამოწვევები) : შოთა რუსთაველის სახელმწ. უნ-ტის დაარსებიდან 75-ე წლისთავისადმი მიძღვნილი საერთაშ. სამეცნ.-პრაქტ. კონფერენციის მასალები, 16-17 აპრილი, ბათუმი 2010 /
_cსაქ. განათლ. და მეცნ. სამინ., შოთა რუსთაველის სახელმწ. უნ-ტის სოც. მეცნ., ბიზნესისა და სამართალმც. ფაკ., ეკონ. პოლიტიკისა და ბიზნესის ადმინისტრირების დეპარტამენტი; [სარედ. კოლ.: რეზო მანველიძე [და სხვ.]].
264 _aთბ. :
_bუნივერსალი,
_c2010.
300 _a380 გვ. :
_bცხრ. ;
_c 29 სმ.
504 _aბიბლიოგრ. მოხსენებების ბოლოს.
520 _aრეზ. ინგლ. და რუს.
700 _aჯოლია, გურამ
_eავტორი
_927158
700 _aსეხნიაშვილი, დალი
_eავტორი
_913248
700 _aშენგელია, თემურ და სხვ.
_eავტორი
_927159
700 _aმანველიძე, რეზო
_eრედაქტორი
_91497
700 _aშენგელია, თემურ და სხვ.
_eრედაქტორი
_927159
710 _aსაქ. განათლ. და მეცნ. სამინ., შოთა რუსთაველის სახელმწ.
_bუნ-ტის სოც. მეცნ., ბიზნესისა და სამართალმც. ფაკ., ეკონ. პოლიტიკისა და ბიზნესის ადმინისტრირების დეპარტამენტი
_927160
942 _2udc
_cᲬᲘᲒᲜᲘ